Мис Моли и училището по добри маниери (Запис номер 489046)
[ съкратено ]
| 000 -Лидер | |
|---|---|
| Контролно поле с фиксирана дължина | 01570nam a2200337 a 4500 |
| 003 - Код на организацията, давaща контролен номер | |
| Контролно поле | BLK |
| 005 - Дата и час на последна редакция | |
| Контролно поле | 20250724121324.0 |
| 008 - Елементи от данни с фиксирана дължина | |
| fixed length control field | 200925b bu |||||r|||| 00| | bu d |
| 020 ## - Международен стандартен номер на книга ISBN | |
| Международен стандартен номер на книга ISBN | 9786197386820 |
| 040 ## - Източник на каталожния запис | |
| Идентификатор на билиотеката - собственик на записа | BLK |
| 041 ## - Код за език | |
| Код за езика на текст/звукозапис или на отделно заглавие | Български |
| Код за езика КДБФ | Български |
| 080 ## - УДК | |
| Текстов определител УДК | Английска литература |
| УДК код - определител по УДК | 821.111 |
| УДК - код + определител | 821.111-93-34 |
| 080 ## - УДК | |
| Текстов определител УДК | Издания за деца и юноши. Книжки-картинки. Читанки. Вж и 372.4 |
| УДК код - определител по УДК | 087.5 |
| УДК - код + определител | 087.5 |
| 100 ## - Редна дума - Автор | |
| Автор | Маклейн, Джеймс |
| Авторска отговорност | първи автор |
| R(LIN) | 467375 |
| 139 ## - Редно поле | |
| Редна дума | Маклейн, Джеймс |
| Авторски знак | Мак - М 19 |
| 245 ## - Сведения за заглавието | |
| Заглавие | Мис Моли и училището по добри маниери |
| Редно поле (дума) | Джеймс Маклейн ; ил. Роузи Рийв ; прев. Миряна Илчева |
| 260 ## - Област на издателските данни | |
| 9 (RLIN) | 216689 |
| Място на издаване, разпространение и проч. | София |
| Име на издателя, разпространителя и проч. | Клевър Бук |
| Година на издаване | 2021 |
| Издателство - префикс ISBN | 978-954-9749- |
| 300 ## - Физическа характеристика | |
| Страници | 32 с. : с цв. ил. |
| Размери/Мащаб | 25 см |
| 380 ## - Жанр | |
| Жанр | Детска худож. лит. |
| 490 ## - СЕРИИ (Колекции) | |
| 9 (RLIN) | 489775 |
| Име на серия | Мис Моли |
| 500 ## - Общи забележки | |
| Забележка | Ориг. загл., установено от доп. източник: Miss Molly's school of manners / James Maclaine<br/>На кор. погрешно отпеч. име на авт. Зана Дейвидсън<br/>Кн. от поредицата Мис Моли |
| 700 ## - Други автори (авторска отговорност) | |
| Лично име | Илчева, Миряна Иличова |
| Автороска отговорност (Описва отношението между автора и произведението) | прев. |
| 9 (RLIN) | 347870 |
| 700 ## - Други автори (авторска отговорност) | |
| 9 (RLIN) | 486398 |
| Лично име | Рийв, Роузи |
| Автороска отговорност (Описва отношението между автора и произведението) | ил. |
| 852 ## - Местоположение | |
| Форматна сигнатура | Цб 316350 |
| Фондова буква | Хранилище |
| 856 ## - Електронен адрес и достъп | |
| Инструкция (цена за достъп) | 0.00 |
| Права за достъп | disable |
| 942 ## - АРТИКУЛИ | |
| Вид на библиотечния материал | Книги |
| Скрит в OPAC | Не |
| Периодичен библиозапис | Да |
| Koha issues (borrowed), all copies | 13 |
| 944 ## - СЪЗДАВАНЕ И РЕДАКЦИЯ на ЗАПИСА | |
| Създаване/Редакция | Създаване |
| Дата на регистрацията/редакция | 2023-03-16 |
| Служител, извършил регистрацията/редакцията | 30564 |
| Статус, дата на статуса | Анна Гръцманова |
| 999 ## - СИСТЕМНИ КОНТРОЛНИ НОМЕРА | |
| Koha biblionumber | 489046 |
| Koha biblioitemnumber | 489046 |
| 999 ## - СИСТЕМНИ КОНТРОЛНИ НОМЕРА | |
| Koha biblioitemnumber | 489046 |
| 999 ## - СИСТЕМНИ КОНТРОЛНИ НОМЕРА | |
| Koha biblioitemnumber | 489046 |
| 999 ## - СИСТЕМНИ КОНТРОЛНИ НОМЕРА | |
| Koha biblioitemnumber | 489045 |
| Код за отписване | Код за изгубен артикул | Източник на класификационната схема | Код за повреда | Коз за рестрикции | Код за отдаване | Артикулен № | Име на библиотеката - собственик | Име на библиотеката, в която се намира в момента | Статус (Текущо местоположение) | Дата на вписване в системата | Местоположение - отдел | Цена в лева | Инвентарен номер | Систематично азбучна сигнатура | Баркод | Цена в евро | Служебен тип на артикула |
|---|---|---|---|---|---|---|---|---|---|---|---|---|---|---|---|---|---|
| Не е изгубен | Universal Decimal Classification | Не е повреден | само за читалня | ползва се в читалня | 923929 | Регионална библиотека "Любен Каравелов" Русе | Регионална библиотека "Любен Каравелов" Русе | Хранилище | 2023-03-17 | Хранилище | 9.90 | 120000883147 | Цб 316350 | 120000883147 | 5.06 | Книги | |
| Не е изгубен | Universal Decimal Classification | Не е повреден | заемане за дома | 942282 | Регионална библиотека "Любен Каравелов" Русе | Регионална библиотека "Любен Каравелов" Русе | Детски отдел | 2024-04-17 | Детски отдел | 7.63 | 120000901306 | 821-93/М 19 Д | 120000901306 | 3.90 | Книги | ||
| Не е изгубен | Universal Decimal Classification | Не е повреден | заемане за дома | 942283 | Регионална библиотека "Любен Каравелов" Русе | Регионална библиотека "Любен Каравелов" Русе | Детски отдел | 2024-04-17 | Детски отдел | 7.63 | 120000901305 | 821-93/М 19 Д | 120000901305 | 3.90 | Книги |